London slang. - Statistics

General Stats
  • This quiz has been taken 161 times
    131 since last reset
  • The average score is 14 of 23
Answer Stats
Slang word Definition % Correct
Fam Family / mates / friends
97%
Bro Brother
92%
Bruv Brother
90%
Beef Fight
84%
Bloke Man
84%
Sup What's up
84%
Lad Man
78%
Wahgwan What's up
71%
Innit Isn't it
67%
Bare Alot
64%
Jokes Funny
62%
Peng Nice
62%
Dry Unfunny / boring / dull
62%
Gassed Excited
60%
Ends Neighborhood
59%
Dim Stupid / dumb
57%
Sick Cool
56%
Air Ignoring
52%
Bait Obvious
39%
Extra Over-the-top
36%
Allow it Stop it
32%
That's peak That's sad
21%
Wet Weak / stupid / dumb
13%
No matching quizzes found
Score Distribution
Percent of People with Each Score
Percentile by Number Answered
Your Score History
You have not taken this quiz since the last reset